Cultura, ideas y mentalidades (Record no. 178568)

MARC details
000 -CABECERA
campo de control de longitud fija 00731nam a2200241 a 4500
003 - IDENTIFICADOR DEL NÚMERO DE CONTROL
campo de control MX-MxUPN
005 - FECHA Y HORA DE LA ÚLTIMA TRANSACCIÓN
campo de control 20250410124412.0
008 - ELEMENTOS DE LONGITUD FIJA--INFORMACIÓN GENERAL
campo de control de longitud fija 151029s1992 mx r 000 0 spa d
020 ## - NÚMERO INTERNACIONAL NORMALIZADO PARA LIBROS
Número Internacional Estándar del Libro 9681205383
035 ## - NÚMERO DE CONTROL DEL SISTEMA
Número de control de sistema UPN01000206467
040 ## - FUENTE DE LA CATALOGACIÓN
Centro catalogador/agencia de origen MX-MxUPN
Lengua de catalogación spa
Centro/agencia transcriptor MX-MxUPN
041 0# - CÓDIGO DE IDIOMA
Código de lengua del texto/banda sonora o título independiente spa
050 #4 - SIGNATURA TOPOGRÁFICA DE LA BIBLIOTECA DEL CONGRESO
Número de clasificación F1210
Número de documento/Ítem C8.5
245 00 - MENCIÓN DE TÍTULO
Título Cultura, ideas y mentalidades
250 ## - MENCIÓN DE EDICIÓN
Mención de edición Primera edición.
260 ## - PUBLICACIÓN, DISTRIBUCIÓN, ETC.
Lugar de publicación, distribución, etc. México, D.F. :
Nombre del editor, distribuidor, etc. El Colegio de México,
Fecha de publicación, distribución, etc. 1992.
300 ## - DESCRIPCIÓN FÍSICA
Extensión 262 páginas
490 0# - MENCIÓN DE SERIE
Mención de serie Lecturas de historia mexicana ;
Designación de volumen o secuencia 6
651 #4 - ASIENTO SECUNDARIO DE MATERIA - NOMBRE GEOGRAFICO
Nombre geográfico México
Subdivisión general Civilización
9 (RLIN) 5406
651 #4 - ASIENTO SECUNDARIO DE MATERIA - NOMBRE GEOGRAFICO
Nombre geográfico México
Subdivisión general Historia
Subdivisión cronológica Revolución, 1910-1917
9 (RLIN) 223
700 1# - ASIENTO SECUNDARIO--NOMBRE DE PERSONAL
Nombre de persona Alberro, Solange
9 (RLIN) 56360
Término indicativo de función/relación introducción
-- selección
942 ## - ELEMENTOS DE PUNTO DE ACCESO ADICIONAL (KOHA)
Fuente del sistema de clasificación o colocación Library of Congress Classification
Tipo de ítem Koha Libro
Holdings
Estado de retiro Estado de pérdida Fuente del sistema de clasificación o colocación Estado dañado No para préstamo Código de colección Localización permanente Ubicación/localización actual Ubicación en estantería Fecha de adquisición Clasificación Código de barras Fecha visto por última vez Número de copia Tipo de ítem Koha Total de préstamos
    Library of Congress Classification   Disponible (Préstamo en sala) UNESCO Bib. Gregorio Torres Quintero Bib. Gregorio Torres Quintero Colecciones especiales Planta alta 03/02/2023 F1210 C8.5 U10120 31/12/2020 Ej.2 Libro  
    Library of Congress Classification     Colección General Bib. Gregorio Torres Quintero Bib. Gregorio Torres Quintero Planta baja   F1210 C8.5 306633 31/12/2020 1 Libro 1